Cestovní ruch

Gespeichert in:
Bibliographische Detailangaben
1. Verfasser: Goeldner, Charles R.
Weitere Verfasser: Ritchie, J.R. Brent, Schürerová, Lucie
Format: Buch
Sprache:Tschechisch
Veröffentlicht: Brno BizBooks/Albatros Media 2014
Ausgabe:1. vydání
Schlagworte:
Tags: Tag hinzufügen
Keine Tags, Fügen Sie das erste Tag hinzu!

MARC

LEADER 00000nam a2200000 4500
001 0258177
005 20240226134017.5
020 |a 978-80-251-2595-3 
041 0 |a cze 
245 1 0 |a Cestovní ruch  |c Charles R. Goeldner, J.R. Brent Ritchie ; překlad: Lucie Schürerová 
250 |a 1. vydání 
264 1 |a Brno  |b BizBooks/Albatros Media  |c 2014 
300 |a 545 s. 
610 2 0 |a ruch cestovný 
610 2 0 |a turistika 
610 2 0 |a rekreácia 
610 2 0 |a kancelárie cestovné 
610 2 0 |a zamestnanie 
610 2 0 |a organizácie 
610 2 0 |a preprava 
610 2 0 |a ubytovanie 
610 2 0 |a služby 
610 2 0 |a predaj 
610 2 0 |a klienti 
610 2 0 |a dopyt 
610 2 0 |a ponuka 
610 2 0 |a prognózovanie 
610 2 0 |a plánovanie 
610 2 0 |a výskum 
610 2 0 |a marketing 
610 2 0 |a prognózy 
100 1 |a Goeldner, Charles R. 
700 1 |a Ritchie, J.R. Brent 
700 1 |a Schürerová, Lucie